Lithic illustration : Drawing flaked stone artifacts for publication /

محفوظ في:

المؤلف الرئيسي: Addington, Lucile R. (مؤلف)

التنسيق: كتاب

اللغة: English

منشور في: Chicago : University of Chicago Press, c1986.

سلاسل: Prehistoric archeology and ecology.

الموضوعات:

الوسوم: إضافة وسم

لا توجد وسوم, كن أول من يضع وسما على هذه التسجيلة!

رقم الطلب: CC82.3 .A33 1986

LEADER 00909nam a2200277 a 4500
001 219
003 OSt
005 20251030070914.0
008 130303s1986 iluaf b 001 0 eng d
010 |a 85008121 
020 |a 0226006352  |q (pbk.) 
020 |a 0226006344 
035 |a rdb01924265 
040 |c ARCE Library 
050 4 |a CC82.3 .A33 1986 
100 1 |a Addington, Lucile R.,  |e author 
245 1 0 |a Lithic illustration :   |b Drawing flaked stone artifacts for publication /   |c Lucile R. Addington. 
264 1 |a Chicago :  |b University of Chicago Press,  |c c1986. 
300 |a xviii, 139 pages, [98] pages of plates :   |b illustrations ;   |c 29 cm. 
490 0 |a Prehistoric archeology and ecology. 
504 |a Includes bibliographical references (pages [123]-129) and index. 
650 0 |a Archaeological illustration. 
650 0 |a Stone implements. 
901 |a reviewed 
942 |c BK  |2 lcc 
999 |c 401  |d 401